000 00785nam a2200229 i 4500
001 109855
003 ES-MaACL
005 20250827022419.0
007 t|
008 061121s1977 sp |||| | spa d
100 1 _aOates, Wallace E.
_986377
245 1 0 _aFederalismo fiscal /
_cWallace E. Oates ; traducción de Pablo Pérez Jiménez.
260 _aMadrid :
_bInstituto de Estudios de Administración Local,
_c1977.
300 _aXXXII, 323 p. ;
_c22 cm.
490 1 _aNuevo urbanismo ;
_vVol. 25
650 4 _aFederalismo fiscal.
_9169191
700 1 _aPérez Jiménez, Pablo.
_990955
710 2 _aInstituto de Estudios de Administración Local (España)
_94893
830 0 _aNuevo urbanismo ;
_vVol. 25
_9181984
852 _aES-MaACL
_jA-7130
999 _c109855
_d109855